Web Scraping with Python : (Record no. 10749)

MARC details
000 -LEADER
fixed length control field 02177nam a22002657a 4500
003 - CONTROL NUMBER IDENTIFIER
control field AR-FvUNAJ
005 - DATE AND TIME OF LATEST TRANSACTION
control field 20250313141329.0
007 - PHYSICAL DESCRIPTION FIXED FIELD--GENERAL INFORMATION
fixed length control field cr
008 - FIXED-LENGTH DATA ELEMENTS--GENERAL INFORMATION
fixed length control field 250225b ||||| |||| 00| 0 eng d
020 ## - INTERNATIONAL STANDARD BOOK NUMBER
International Standard Book Number 9781098145323
040 ## - CATALOGING SOURCE
Original cataloging agency AR-FvUNAJ
041 ## - LANGUAGE CODE
Language code of text/sound track or separate title eng
100 1# - MAIN ENTRY--PERSONAL NAME
9 (RLIN) 21273
Personal name Mitchell, Ryan
245 10 - TITLE STATEMENT
Title Web Scraping with Python :
Remainder of title data extraction from the moderm web /
Statement of responsibility, etc Ryan Mitchell
250 ## - EDITION STATEMENT
Edition statement 3a.ed.
260 ## - PUBLICATION, DISTRIBUTION, ETC. (IMPRINT)
Place of publication, distribution, etc Sebastopol, CA :
Name of publisher, distributor, etc O'Reilly Media,
Date of publication, distribution, etc 2024.
300 ## - PHYSICAL DESCRIPTION
Extent xv, 334 p.
500 ## - GENERAL NOTE
General note Descargar, imprimir, guardar y enviar por correo electrónico páginas ilimitadas<br/>Descarga completa del libro electrónico. Debe tener instalado Adobe Digital Editions para leer el eBook.<br/>
520 ## - SUMMARY, ETC.
Summary, etc If programming is magic, then web scraping is surely a form of wizardry. By writing a simple automated program, you can query web servers, request data, and parse it to extract the information you need. This thoroughly updated third edition not only introduces you to web scraping but also serves as a comprehensive guide to scraping almost every type of data from the modern web.Part I focuses on web scraping mechanics: using Python to request information from a web server, performing basic handling of the server's response, and interacting with sites in an automated fashion. Part II explores a variety of more specific tools and applications to fit any web scraping scenario you're likely to encounter.Parse complicated HTML pagesDevelop crawlers with the Scrapy frameworkLearn methods to store the data you scrapeRead and extract data from documentsClean and normalize badly formatted dataRead and write natural languagesCrawl through forms and loginsScrape JavaScript and crawl through APIsUse and write image-to-text softwareAvoid scraping traps and bot blockersUse scrapers to test your website
650 #0 - SUBJECT ADDED ENTRY--TOPICAL TERM
9 (RLIN) 9478
Topical term or geographic name as entry element MINERIA DE DATOS
650 #0 - SUBJECT ADDED ENTRY--TOPICAL TERM
9 (RLIN) 886
Topical term or geographic name as entry element PYTHON (Lenguaje de Programación)
856 ## - ELECTRONIC LOCATION AND ACCESS
Public note Ingresa con la contraseña de EBSCO
Uniform Resource Identifier <a href="https://research.ebsco.com/c/6n4nn2/search/details/v7mkmihpav?db=nlebk&limiters=None&q=Web%20Scraping%20with%20Python">https://research.ebsco.com/c/6n4nn2/search/details/v7mkmihpav?db=nlebk&limiters=None&q=Web%20Scraping%20with%20Python</a>
942 ## - ADDED ENTRY ELEMENTS (KOHA)
Source of classification or shelving scheme Dewey Decimal Classification
Item type Libro electrónico
980 ## - EQUIVALENCE OR CROSS-REFERENCE-SERIES STATEMENT--PERSONAL NAME/TITLE [LOCAL, CANADA]
Linkage 2
Personal name Virginia Figueroa
Field link and sequence number 2
Miscellaneous information Virginia Figueroa
Holdings
Withdrawn status Lost status Source of classification or shelving scheme Damaged status Not for loan Collection code Home library Current library Date acquired Source of acquisition Cost, normal purchase price Full call number Date last seen Price effective from Koha item type
    Dewey Decimal Classification     EBSCO Bibliotecas Digitales Bibliotecas Digitales 25/02/2025 Compra 56.99 Pedir Usuario Ebsco 25/02/2025 25/02/2025 Libro electrónico

Lunes a Viernes 8:30 a 19:00 hs. Cerrado por mudanza
Av.Calchaqui 6200 Florencio Varela (CP188) 2°piso Edificio Mosconi Aula 209-210
Mail: bibliotecacentralunaj@gmail.com  
Whatsapp(54 9)1122668024    ❔Pregunte a la bibliotecaria
© Universidad Nacional Arturo Jauretche | Secretaría Académica | Biblioteca Central UNAJ